Programa nacional para la conservación de la especie endémica de Colombia tití gris (Saguinus leucopus) (Registro nro. 7046)

Detalles MARC
000 -CABECERA
Campo de control 01122nam a2200301 a 4500
005 - FECHA Y HORA DE LA ULTIMA TRANSACCION
Campo de control 20160209020003.0
008 - ELEMENTOS DE LONGITUD FIJA—INFORMACION GENERAL
Campo de control 160114t2008 ck a gr|||| 00| 0 spa d
020 ## - ISBN
ISBN 9789584436719
040 ## - FUENTE DE CATALOGACIÓN
Agencia catalogadora original CO-BoIAVH
Agencia transcriptora CO-BoIAVH
041 ## - IDIOMA
Código de idioma para texto/pista de sonido o título separado Español
082 #4 - NUMERO DE CLASIFICACION DECIMAL DEWEY
Número de clasificación 333.9522
Número del ítem M82p
100 1# - ASIENTO PRINCIPAL--NOMBRE PERSONAL
Nombre personal Morales Jimenez, Alba Lucia
245 1# - MENCION DE TITULO
Título Programa nacional para la conservación de la especie endémica de Colombia tití gris (Saguinus leucopus)
260 ## - PUBLICACION, DISTRIBUCION, ETC. (PIE DE IMPRENTA)
Lugar de publicación, distribución, etc. Bogotá
Nombre del editor, distribuidor, etc. CORPOCALDAS
-- Ministerio de Ambiente Vivienda y Desarrollo Territorial
-- Fundación Biodiversa Colombia
-- Asociación Colombina de Primatología
Fecha de publicación, distribución, etc. 2008
300 ## - DESCRIPCION FISICA
Extensión 53 paginas.:
Otros detalles físicos ilustraciones;
Dimensiones 28 x 21 cm.
650 #4 - ASIENTO SECUNDARIO DE MATERIA - TERMINO TEMATICO
Término temático o nombre geográfico como elemento de entrada Tití Gris
650 #4 - ASIENTO SECUNDARIO DE MATERIA - TERMINO TEMATICO
Término temático o nombre geográfico como elemento de entrada Saguinus Leucopus
650 #4 - ASIENTO SECUNDARIO DE MATERIA - TERMINO TEMATICO
Término temático o nombre geográfico como elemento de entrada Poblaciones silvestres
650 #4 - ASIENTO SECUNDARIO DE MATERIA - TERMINO TEMATICO
Término temático o nombre geográfico como elemento de entrada poblaciones en cautiverio
650 #4 - ASIENTO SECUNDARIO DE MATERIA - TERMINO TEMATICO
Término temático o nombre geográfico como elemento de entrada Antioquia
650 #4 - ASIENTO SECUNDARIO DE MATERIA - TERMINO TEMATICO
Término temático o nombre geográfico como elemento de entrada Caldas
650 #4 - ASIENTO SECUNDARIO DE MATERIA - TERMINO TEMATICO
Término temático o nombre geográfico como elemento de entrada Tolima
700 1# - ASIENTO SECUNDARIO - NOMBRE PERSONAL
Nombre personal Vejarano Rivadeneira, Silvia
700 1# - ASIENTO SECUNDARIO - NOMBRE PERSONAL
Nombre personal Rodríguez, Claudia Luz
700 1# - ASIENTO SECUNDARIO - NOMBRE PERSONAL
Nombre personal Ospina Herrera, Oscar
942 ## - ELEMENTOS ADICIONALES (KOHA)
Tipo de ítem Libro
Sistema de clasificación Dewey Decimal Classification
Koha issues (borrowed), all copies 1
945 ## - PROCESAMIENTO LOCAL
AAAA-MM-DD - Fecha de ingreso o modificacion 2009-08-13
Existencias
Withdrawn status Lost status Sistema de Clasificación Damaged status No para préstamo Colección Inventariado Ubicación Permanente Ubicación actual Fecha de adquisición Fuente de Valor Valor Total Checkouts Número topográfico Inventario / Código de Barras Date last seen Date checked out Ejemplar Price effective from Forma de adquisición Tipo de material
    Dewey Decimal Classification     General Inventariado 2017 Bogotá Bogotá 13/08/2009 Instituto 39000.00 1 LB-333.9522 M82p 027435 08/02/2016 08/02/2016 Ej.1 04/12/2012   Libro
    Dewey Decimal Classification     General Inventariado 2017 Sala Fabio Quevedo Sala Fabio Quevedo 13/08/2009 Instituto 39000.00   LB-333.9522 M82p 027436 04/12/2012   Ej.2 04/12/2012 Donación Libro